书目信息 |
| 题名: |
音乐艺术与钢琴伴奏
|
|
| 作者: | 赵彩花 著 | |
| 分册: | ||
| 出版信息: | 沈阳 辽海出版社 2021.4 |
|
| 页数: | 170页 | |
| 开本: | 24cm | |
| 丛书名: | 甘肃中医药大学定西校区学术文库 | |
| 单 册: | ||
| 中图分类: | J6 , J624.16 | |
| 科图分类: | ||
| 主题词: | 音乐 , 钢琴演奏 | |
| 电子资源: | ||
| ISBN: | 978-7-5451-4539-7 | |
| 000 | 01111nam 2200301 45 | |
| 001 | 490110 | |
| 005 | 20140817182157.0 | |
| 010 | @a978-7-5451-4539-7@dCNY45.00 | |
| 099 | @aCAL 012019031118 | |
| 100 | @a20181219d2019 em y0chiy0110 ea | |
| 101 | 0 | @achi |
| 102 | @aCN@b210000 | |
| 105 | @ay a 000yy | |
| 106 | @ar | |
| 200 | 1 | @a音乐艺术与钢琴伴奏@Ayin yue yi shu yu gang qin ban zou@f赵彩花著 |
| 210 | @a沈阳@c辽海出版社@d2021.4 | |
| 215 | @a170页@d24cm | |
| 225 | 2 | @a甘肃中医药大学定西校区学术文库@Agan su zhong yi yao da xue ding xi xiao qu xue shu wen ku |
| 320 | @a有书目 (第170页) | |
| 330 | @a本书包括声乐中的独唱、重唱、合唱伴奏, 器乐中的协奏与重奏, 舞蹈中的芭蕾基本功训练, 古典身韵与民族舞组合以及体操中基本训练与芭蕾基本功训练的伴奏等。所涉及的领域包括与音乐艺术相关的所有范畴, 是一种综合性的艺术表现形式, 它的作用是不容忽视的。 | |
| 461 | 0 | @12001 @a甘肃中医药大学定西校区学术文库 |
| 606 | 0 | @a音乐 |
| 606 | 0 | @a钢琴演奏 |
| 690 | @aJ6@v5 | |
| 690 | @aJ624.16@v5 | |
| 701 | 0 | @a赵彩花@Azhao cai hua@4著 |
| 801 | @aCN@b江苏凤凰@c20211018 | |
| 905 | @b1355670-2@dJ6@e1437@f3 | |
| 音乐艺术与钢琴伴奏/赵彩花著.-沈阳:辽海出版社,2021.4 |
| 170页;24cm.-(甘肃中医药大学定西校区学术文库) |
| ISBN 978-7-5451-4539-7:CNY45.00 |
| 本书包括声乐中的独唱、重唱、合唱伴奏, 器乐中的协奏与重奏, 舞蹈中的芭蕾基本功训练, 古典身韵与民族舞组合以及体操中基本训练与芭蕾基本功训练的伴奏等。所涉及的领域包括与音乐艺术相关的所有范畴, 是一种综合性的艺术表现形式, 它的作用是不容忽视的。 |
| ● |
| 相关链接 |
|
|
|
|
正题名:音乐艺术与钢琴伴奏
索取号:J6/1437
 
预约/预借
| 序号 | 登录号 | 条形码 | 馆藏地/架位号 | 状态 | 备注 |
| 1 | 1355670 | 213556702 | 第一样本阅览室/ [索取号:J6/1437] | 在馆 | |
| 2 | 1355671 | 213556711 | 第一借阅区/ [索取号:J6/1437] | 在馆 | |
| 3 | 1355672 | 213556720 | 第一借阅区/ [索取号:J6/1437] | 在馆 |